Loading...
| Fine Arts - Other Fine Arts | 0 | 4 | 0 | 0 | 40 | 85 | 110.00 | 0 | 1 |
| Philosophy | 0 | 4 | 1 | 1 | 35 | 109 | 115.50 | 0 | 0 |
| History - American History | 0 | 3 | 0 | 1 | 30 | 75 | 109.67 | 0 | 1 |
| Literature - British Literature | 0 | 3 | 1 | 0 | 25 | 108 | 112.00 | 0 | 1 |
| Literature - World/Other Literature | 0 | 2 | 0 | 1 | 20 | 104 | 112.50 | 0 | 1 |
| Fine Arts - Classical Music | 0 | 2 | 0 | 0 | 20 | 99 | 115.00 | 0 | 0 |
| Science - Physics | 0 | 1 | 0 | 0 | 10 | 96 | 96.00 | 0 | 0 |
| History - Other History | 0 | 1 | 0 | 0 | 10 | 80 | 80.00 | 0 | 1 |
| History - World History | 0 | 1 | 0 | 0 | 10 | 140 | 140.00 | 0 | 0 |
| Literature - American Literature | 0 | 1 | 0 | 0 | 10 | 126 | 126.00 | 0 | 0 |
| Pop Culture | 0 | 1 | 0 | 0 | 10 | 45 | 45.00 | 1 | 1 |
| Science - Chemistry | 0 | 1 | 0 | 1 | 10 | 137 | 137.00 | 0 | 0 |
| Literature - European Literature | 0 | 1 | 1 | 0 | 5 | 112 | 112.00 | 0 | 0 |
| Religion | 0 | 0 | 0 | 0 | 0 | 0.00 | 0 | 0 | |
| Science - Biology | 0 | 0 | 0 | 0 | 0 | 0.00 | 0 | 0 | |
| Fine Arts - Visual Fine Arts | 0 | 0 | 1 | 0 | -5 | 0.00 | 0 | 0 |